Retail Management (Record no. 291)

MARC details
000 -LEADER
fixed length control field 00383nam a22001577a 4500
005 - DATE AND TIME OF LATEST TRANSACTION
control field 20160429142314.0
008 - FIXED-LENGTH DATA ELEMENTS--GENERAL INFORMATION
fixed length control field 160429b xxu||||| |||| 00| 0 eng d
041 ## - LANGUAGE CODE
Language code of text/sound track or separate title eng
082 ## - DEWEY DECIMAL CLASSIFICATION NUMBER
Item number 00900
100 ## - MAIN ENTRY--AUTHOR NAME
Personal name Sheikh Arib Fatima Kaniz
245 ## - TITLE STATEMENT
Title Retail Management
260 ## - PUBLICATION, DISTRIBUTION, ETC. (IMPRINT)
Place of publication Mumbai
Name of publisher Himalya Publishing House,
Year of publication 2008
300 ## - PHYSICAL DESCRIPTION
Number of Pages 483
650 ## - SUBJECT ADDED ENTRY--TOPICAL TERM
Topical Term Management
942 ## - ADDED ENTRY ELEMENTS (KOHA)
Koha item type Books
Holdings
Lost status Damaged status Collection code Home library Current library Shelving location Date acquired Cost, normal purchase price Full call number Accession Number Koha item type
    MANAGEMENT JRU Library JRU Library SHELF- 67 H 29/04/2016 375.00 00900 00900 Books
    Reference JRU Library   SHELF-28-E 29/04/2016 375.00 00900 00901 Books
    MANAGEMENT JRU Library JRU Library SHELF- 67 H 29/04/2016 375.00 00900 00902 Books
    MANAGEMENT JRU Library JRU Library SHELF- 67 H 29/04/2016 375.00 00900 00903 Books